000 00807nam a2200205Ii 4500
003 JO-AjNU
008 230605s9999||||xx |||||||||||||| ||und||
017 _a2009/9/3877
040 _aJO-AjNU
_bara
_erda
_cJO-AjNU
041 _aara
050 1 4 _aHC498 .K4288 .2009
100 3 _aخمش ، مجد الدين خيري ,
_eauthor
_949402
245 0 0 _aأزمة التنمية العربية: مفهوم التنمية التقليدي والعلاقة مع النظام العالمي
264 3 1 _aعمان:وزارة الثقافة،2009
300 _a168ص
_bبحتوي على ببلوغرافية من ص 159-168ص
336 _atext
_btxt
_2rdacontent
337 _aunmediated
_bn
_2rdamedia
338 _avolume
_bnc
_2rdacarrier
650 4 _aعالم عربي - تنمية اقتصادية
_949403
999 _aA21696
_c25264
_d25264